| 000 | 00849nam a22002537a 4500 | ||
|---|---|---|---|
| 005 | 20100803151120.0 | ||
| 010 | _aENG-97995 | ||
| 020 |
_a9788131720349 _c1200.00 |
||
| 035 | _aEN-81528 | ||
| 037 | _bDBAD/PUB | ||
| 082 | _a301.0954 | ||
| 245 |
_aSociology and social anthropology in india / _cedited by Yogesh Atal |
||
| 260 |
_aNew Delhi _bPearson _c2009 |
||
| 270 |
_a14 Local Shopping Center, Panchsheel Park, _bNew Delhi _e110 017 |
||
| 300 |
_aviii, 609p. _c23cm (pbk) |
||
| 500 | _aIncludes index | ||
| 650 |
_aEtnology _95603 |
||
| 650 | _aIndia | ||
| 650 |
_aSociology _95604 |
||
| 700 |
_aAtal, Yogesh _95402 |
||
| 700 | _95403 | ||
| 942 |
_2ddc _cEN _h301.0954 _mSOC |
||
| 999 |
_c39046 _d39046 |
||